| 000 | 01014nam0a22002651 4500 | ||
|---|---|---|---|
| 001 | v19\rc\1447336 | ||
| 005 | 20250618135845.0 | ||
| 035 | _a(NLR Aleph) 004588857 | ||
| 090 |
_a2629928 _c2629928 |
||
| 100 | _a20060620d1873 |||y0rusy50 ca | ||
| 101 | 0 | _arus | |
| 102 | _aRU | ||
| 105 | _aa j ||||| | ||
| 200 | 1 |
_aМинералогия _eЛекции, чит. на III-м курсе Хим. отд-ния С.-Петерб. технол. ин-та проф. П. Еремеевым |
|
| 210 |
_a[Санкт-Петербург] _cлит. Боровкова _d1873/4 |
||
| 215 |
_a128 с. _cчерт. |
||
| 309 | _aНаписано от руки. Литогр. | ||
| 316 |
_aЭкз. РНБ (18.122.2.438): деф.: отсутствует конец _5NLR: 18.122.2.438 |
||
| 700 | 1 |
_aЕремеев _bП.В. _f1830-1899 _gПавел Владимирович |
|
| 801 | 0 |
_aRU _bNLR _gpsbo |
|
| 801 | 0 |
_aRU _bRuMoRGB _2psbo |
|
| 801 | 1 |
_aRU _bProSoft-M _2rusmarc |
|
| 852 |
_aNLR _j18.122.2.438 |
||
| 942 | _cBOOK | ||
| 980 | _aNB | ||